Normal view
MARC view
- Sklar,Bernard
Entry Personal Name
001 - CONTROL NUMBER
- control field: 694
003 - CONTROL NUMBER IDENTIFIER
- control field: NUST
005 - DATE AND TIME OF LATEST TRANSACTION
- control field: 20170515113704.0
008 - FIXED-LENGTH DATA ELEMENTS
- fixed length control field: 170515|| aca||aabn | a|a d
040 ## - CATALOGING SOURCE
- Original cataloging agency: NUST
- Transcribing agency: NUST
100 ## - HEADING--PERSONAL NAME
- Personal name: Sklar,Bernard
670 ## - SOURCE DATA FOUND
- Source citation: Work cat.: (NUST)23933: Sklar,Bernard, Digital communications , c2001
